Asking for permission

Bibliographic Details
Main Author: Baker, Rann
Corporate Author: Title
Format: Book
Published: Kuala Lumpur : Jurus Prinsip , 2006
Series:Bright hope moral series
Subjects:

MARC

LEADER 00000cam a2200000 7i4500
001 0000002126
005 20151222.0
008 070706
020 |a 9833547168(set) 
020 |a 9833547230 
090 0 0 |a JF   |b MOR ENG (2521) 
100 1 |a Baker, Rann 
245 1 0 |a Asking for permission   |c Rann Baker 
260 |a Kuala Lumpur :   |b Jurus Prinsip ,   |c 2006 
440 0 |a Bright hope moral series 
500 |a Children ages 7-9 years old (orange) 
650 0 |a Moral 
650 0 |a Readers   |x Fiction 
710 0 |a Title 
999 |a 0000913947   |b Book   |c Teenagers   |e Cawangan Bandar Tenggara 
999 |a 0000965135   |b Book   |c Children Collection   |e Perbadanan Perpustakaan Awam Johor 
999 |a 0000965138   |b Book   |c Children Collection   |e Cawangan Bandar Tenggara